| 000 | 01071nam a2200265 i 4500 | ||
|---|---|---|---|
| 001 | bg | ||
| 245 | 0 | 0 |
_aWieś i rolnictwo w badaniach społeczno-ekonomicznych : _bksięga jubileuszowa IRWiR PAN lata 1971-1996 / _cpod red. Mikołaja Kozakiewicza ; Polska Akademia Nauk. Instytut Rozwoju Wsi i Rolnictwa. |
| 260 |
_aWarszawa, _c1996 _aPAN.IRWiR. |
||
| 300 |
_a296 s. : _b3 fot. portr. ; _c24 cm. |
||
| 500 | _aStreszcz. ang. | ||
| 504 | _aBibliogr. przy pracach. | ||
| 610 | 2 | 9 | _aPolska Akademia Nauk. Instytut Rozwoju Wsi i Rolnictwa (Warszawa) |
| 650 | 9 |
_aWieś _xzagadnienia _zPolska _yod 1944 r. |
|
| 650 | 9 |
_aRolnictwo _xzagadnienia _zPolska _yod 1944 r. |
|
| 655 | _aKsięgi pamiątkowe | ||
| 700 | 1 |
_aKOZAKIEWICZ, Mikołaj. _eRed. |
|
| 020 | _a8385369341 | ||
| 040 | _cBPK | ||
| 041 | 0 |
_apol _beng |
|
| 080 | _a338.43(438)"1944/..."(082.1) | ||
| 920 | _a83-85369-34-1 | ||
| 942 | _cKS | ||
| 008 | s pl f |000 0 pol | ||
| 999 |
_c44021 _d44021 |
||
| 856 |
_uhttp://koha.tu.koszalin.pl/cgi-bin/koha/opac-detail.pl?biblionumber=44021 _yKatalog online BPK |
||